| 000 | 00605nam a2200205 a 4500 | ||
|---|---|---|---|
| 005 | 20140310183447.0 | ||
| 008 | 081204s19uu xx 00 eng d | ||
| 020 | _a9780073137871 | ||
| 050 |
_aPE 1115 _b.J27 2007 |
||
| 100 | _aJaderstrom, Susan | ||
| 245 |
_aBusiness english at work / _cSusan Jaderstrom. |
||
| 250 | _a3rd ed. | ||
| 260 |
_aBoston : _bMcGraw-Hill Irwin, _c2007. |
||
| 300 |
_a626 p. : _bill. col. ; _c29 cm. |
||
| 521 | _aEDU | ||
| 650 |
_aEnglish language _xBusiness English _xProblems, exercises, etc. |
||
| 700 | _aMiller, Joanne M. | ||
| 942 |
_cBK _2lcc _kFLIR |
||
| 999 |
_c23276 _d23276 |
||